[Event "EICC 2017"]
[Site "Minsk"]
[Date "2017.06.01"]
[Round "3"]
[White "Sanikidze, Tornike"]
[Black "Lenic, Luka"]
[Result "0-1"]
[WhiteElo "2518"]
[BlackElo "2641"]
[Annotator "TA"]
[PlyCount "78"]
[EventDate "2017.??.??"]
[EventCountry "BLR"]
[SourceTitle "playchess.com"]
[Source "ChessBase"]
[SourceQuality "1"]

{[%evp 24,78,39,26,40,37,52,33,31,32,38,32,43,31,39,0,7,0,17,-3,-3,-11,-17,-125,-108,-147,-152,-148,-117,-132,-105,-136,-115,-119,-110,-121,-126,-127,-133,-91,-107,-66,0,-188,-13,-186,-194,-404,-356,-442,-344,-478,-461,-474,-418,-1429,-721]} 1. d4 Nf6 2. c4 e6 3. Nc3 Bb4 4. e3 O-O 5. Bd3 c5 6. Nf3 d5 7. O-O Nc6 8. cxd5 exd5 9. dxc5 Bxc5 10. h3 a6 11. b3 {E56: Nimzo-Indian: Rubinstein: Main Line: 7...Nc6} Qe7 12. Bb2 Rd8 13. Rc1 {LiveBook: 4 Games. White is slightly better.} Be6 14. Ne2 Bd6 {[#]} 15. Ned4 $146 {Rxc6 is the strong threat.} ({Predecessor:} 15. Bb1 Re8 16. Ned4 Bd7 17. Nxc6 bxc6 18. Qd4 Qf8 {½-½ (27) Babula,V (2584)-Lenic,L (2651) Austria 2014}) 15... Bd7 16. Nxc6 bxc6 17. Qc2 c5 18. Rfd1 h6 19. Bf5 Be6 20. Bxe6 fxe6 21. Qg6 a5 22. Ne5 a4 23. bxa4 (23. Nd3 $11 {keeps the balance.}) 23... Rxa4 $17 24. Qc2 Rda8 25. a3 c4 26. Nc6 Qf7 27. Nd8 Qe8 28. Bxf6 gxf6 29. Nxe6 Qxe6 30. Qg6+ Kf8 {Strongly threatening ...Qe5.} 31. Qxh6+ Ke7 {Hoping for ...Kd7.} 32. e4 dxe4 (32... Rg8 $15 33. Rb1 c3 34. exd5 Qf5 35. Rb7+ Ke8 36. Qe3+ Qe4) 33. Qg7+ $2 {[#]} (33. Rb1 $1 $11 {and White has nothing to worry.} R4a7 34. Rb6) 33... Ke8 $2 ({Better is} 33... Kd8 $1 $19 {Threatens to win with ...R8a7.} 34. Rxc4 Rxc4 35. Qf8+ Qe8 36. Qxf6+ Kc8 37. Qxd6 Ra7) 34. Rb1 $2 (34. Rd4 $1 $11 {and White stays safe.}) 34... R4a7 $19 ({Worse is} 34... Bxa3 35. Qh8+ Kf7 36. Qh7+ Ke8 37. Qh8+ Kf7 38. Qh7+ Kf8 39. Qh8+ Kf7 $11) 35. Qg6+ $2 (35. Qh8+ Ke7 36. Qh7+ Kd8 37. Qh5) 35... Kf8 36. Qh6+ Kg8 37. Rb5 {[#] And now Rg5+ would win.} Bf8 38. Rg5+ Rg7 39. Rdd5 (39. Rg6 $142) 39... Qxd5 {Precision: White = 37%, Black = 67%.} 0-1

[Event "EICC 2017"]
[Site "Minsk"]
[Date "2017.06.01"]
[Round "3"]
[White "Sviridov, Valery"]
[Black "Demchenko, Anton"]
[Result "1/2-1/2"]
[WhiteElo "2504"]
[BlackElo "2629"]
[Annotator "TA"]
[PlyCount "104"]
[EventDate "2017.??.??"]
[EventCountry "BLR"]
[SourceTitle "playchess.com"]
[Source "ChessBase"]
[SourceQuality "1"]

{[%evp 25,104,21,35,16,56,55,83,83,77,83,91,58,78,77,96,111,99,97,101,97,131,85,72,33,38,50,54,0,8,-97,0,0,0,0,0,0,0,0,0,0,0,0,61,41,45,43,46,38,139,0,0,0,0,0,0,-8,-8,-17,-8,-1,-4,-50,0,0,0,0,0,0,0,0,0,0,0,0,0,0,0,0,0,0,0]} 1. d4 Nf6 2. c4 g6 3. Nf3 Bg7 4. g3 O-O 5. Bg2 d6 6. O-O Nbd7 7. Nc3 e5 8. e4 exd4 9. Nxd4 Re8 10. h3 Nc5 11. Re1 Bd7 12. Rb1 a5 13. b3 h6 14. f3 {E68: King's Indian: Fianchetto: 6...Nbd7 7 0-0 e5 8 e4} (14. Kh2 Ne6 15. Be3 Nxd4 16. Bxd4 c5 17. Be3 Ng4+ 18. hxg4 Bxc3 19. Rh1 Qf6 20. Kg1 Bc6 21. Qd3 a4 22. Rxh6 axb3 23. axb3 {½-½ (33) Cheparinov,I (2675)-Spasov,V (2553) Pleven 2015}) 14... Nh7 $146 ({Predecessor:} 14... Qc8 15. g4 h5 16. Be3 hxg4 17. hxg4 Nh7 18. Qd2 Qd8 19. Nde2 Bc6 20. Nd5 Be5 {0-1 (55) Tregubov,P (2470)-Miljanic,B (2410) Cetinje 1996}) 15. Be3 h5 16. Qd2 {White is better.} Ne6 17. Nxe6 Bxe6 18. Rbd1 h4 19. g4 g5 20. f4 gxf4 21. Bxf4 Be5 22. Rf1 Qe7 23. Nb5 a4 24. Nd4 axb3 25. axb3 Ra3 26. Qb4 Ra2 27. Qxb7 {[#]} (27. Qc3 $11) 27... Bc8 (27... Bxg4 $1 $17 28. hxg4 Bxf4 29. Rxf4 Qe5) 28. Qb5 $11 {Threatens to win with Nc6.} Bd7 29. Nc6 Bxc6 30. Qxc6 Bxf4 31. Rxf4 Rb8 32. Rdf1 Rxb3 ({Of course not} 32... Ng5 $6 33. Rf5 $16) 33. Rxf7 Rg3 ({Black should try} 33... Rbb2 $11 34. R7f2 (34. Rxe7 $2 {leads to mate.} Rxg2+ 35. Kh1 Rh2+ 36. Kg1 Rag2#) 34... Rxf2 35. Rxf2 Rxf2 36. Kxf2 Qf6+ 37. Kg1 Qd4+ 38. Kh2 Qe5+ 39. Kg1 Qd4+ 40. Kh2 Qe5+ 41. Kg1 Qd4+) 34. R7f2 $14 (34. Rxe7 $2 {gets mated.} Rgxg2+ 35. Kh1 Rh2+ 36. Kg1 Rag2#) 34... Rxf2 35. Rxf2 Ng5 36. Qd5+ Kg7 {[#]} ({Black should play} 36... Kh7 $14 37. Rf5 Qxe4 38. Qxe4 Nxe4) 37. Kh2 (37. Rf5 $1 $16 {[%cal Rf5g5]} Nf7 38. Qd4+ Kg8 39. Qd5) 37... Qe5 $36 {[%mdl 2048] Threatening ...Rxh3+. Black has some pressure.} 38. Qxe5+ dxe5 {[%mdl 4096] Endgame KRB-KRN} 39. Rf5 Kg6 40. Rxe5 {Black must now prevent Re8.} Rxh3+ 41. Kg1 $1 {Rxg5+ is the strong threat.} Rc3 42. Rc5 Ne6 43. Rh5 Rc1+ 44. Bf1 {The position is equal.} Ng5 {aiming for ...Nh3+.} 45. Kf2 $1 Nxe4+ 46. Ke3 $1 Re1+ 47. Kf4 {Hoping for Bd3.} Nf2 48. Bg2 Nd3+ 49. Kf3 Ne5+ 50. Kf4 Nd3+ 51. Kf3 Ne5+ 52. Kf4 Nd3+ {Precision: White = 57%, Black = 65%.} 1/2-1/2

[Event "EICC 2017"]
[Site "Minsk"]
[Date "2017.06.01"]
[Round "3"]
[White "Jurcik, Marian"]
[Black "Savchenko, Boris"]
[Result "1/2-1/2"]
[WhiteElo "2501"]
[BlackElo "2634"]
[Annotator "TA"]
[PlyCount "51"]
[EventDate "2017.??.??"]
[EventCountry "BLR"]
[SourceTitle "playchess.com"]
[Source "ChessBase"]
[SourceQuality "1"]

{[%evp 22,51,-25,-15,-13,-16,-6,-22,-10,-18,-7,-28,-14,-21,-12,-18,177,180,183,170,193,193,203,187,204,195,204,204,221,212,211,9]} 1. e4 e6 2. d4 d5 3. Nd2 Be7 4. Ngf3 Nf6 5. Bd3 c5 6. e5 Nfd7 7. c3 Nc6 8. O-O a5 9. Re1 cxd4 10. cxd4 Qb6 11. Nb1 {[%cal Bd2b1,Bb1c3,Bc3b5][%mdl 32] C06: French Tarrasch: 3...Nf6 4 e5 Nfd7 5 Bd3 main lines} (11. a4 Nxd4 12. Nxd4 Qxd4 13. Nf3 Qb6 14. Be3 Nc5 15. Bb5+ Bd7 16. Nd4 Bxb5 17. Nxb5 O-O 18. Qg4 Rfc8 {0-1 (33) Naroditsky,D (2631)-So,W (2779) ICC INT 2015}) 11... Nxd4 12. Nxd4 {LiveBook: 65 Games} Qxd4 13. Nc3 $1 {The position is equal.} Bc5 14. Qc2 Qg4 $146 ({Stronger than} 14... Nxe5 15. Bb5+ Bd7 16. Be3 $16) ({Predecessor:} 14... Qh4 15. Nb5 O-O 16. Be3 b6 17. a3 h6 18. Rab1 a4 {0-1 (28) De Sousa,J (2294)-Roos,J (2286) France 2007}) 15. Nb5 {Nc7+ is the strong threat.} (15. Be3 $5 {[%cal Rc3b5]}) 15... O-O 16. Bxh7+ Kh8 {Strongly threatening ...Qb4.} 17. Bd3 {With the idea Be3.} b6 $1 18. Be2 Bxf2+ $2 (18... Qh4 $11 19. g3 Qh3) 19. Kxf2 $18 {White is clearly better.} Qh4+ 20. Kf1 f6 {[#]} 21. Be3 $1 Qxh2 {[#]} 22. Kf2 $1 {And now Rh1 would win.} Qh4+ 23. Kg1 {Threatens to win with Nc7.} Nxe5 24. Qd2 Ng4 25. Bxg4 $1 ({Resist} 25. Bxb6 $6 Qh2+ 26. Kf1 Rb8 $16) 25... Qxg4 26. Qd4 $2 {Precision: White = 73%, Black = 33%.} ({White should play} 26. Bxb6 $18 Bd7 27. Nc7) 1/2-1/2

[Event "EICC 2017"]
[Site "Minsk"]
[Date "2017.06.01"]
[Round "3"]
[White "Theodorou, Nikolas"]
[Black "Hracek, Zbynek"]
[Result "1/2-1/2"]
[WhiteElo "2495"]
[BlackElo "2612"]
[Annotator "TA"]
[PlyCount "45"]
[EventDate "2017.??.??"]
[EventCountry "BLR"]
[SourceTitle "playchess.com"]
[Source "ChessBase"]
[SourceQuality "1"]

{[%evp 22,45,-1,-8,0,0,0,0,8,4,4,0,0,7,11,7,3,7,6,0,0,0,0,0,0,0]} 1. g3 c5 2. Bg2 Nc6 3. c4 g6 4. Nc3 Bg7 5. a3 d6 6. Rb1 e6 7. b4 Nge7 8. Nf3 O-O 9. O-O b6 10. e3 Bb7 11. d4 Rc8 {A37: Symmetrical English vs ...g6: 4 Bg2 Bg7 5 Nf3} 12. Qd3 {LiveBook: 4 Games. The position is equal.} cxb4 13. axb4 a5 14. Ba3 axb4 15. Bxb4 Ba6 16. Nb5 {[#]} Nxb4 $146 ({Predecessor:} 16... d5 17. Bxe7 Nxe7 18. Qa3 Ra8 19. Qb3 dxc4 20. Qxc4 {0-1 (41) Moussard,J (2440)-Jakovenko,D (2730) Saint-Quentin 2014}) 17. Rxb4 Nc6 {[%cal Be7c6,Bc6a5,Ba5c4][%mdl 32]} 18. Rbb1 Na5 19. Nd2 Qd7 {Strongly threatening ...Nxc4!} 20. Na3 d5 {[%cal Rd5c4]} 21. Rxb6 Bxc4 $1 22. Naxc4 Nxc4 23. Rbb1 1/2-1/2

[Event "EICC 2017"]
[Site "Minsk"]
[Date "2017.06.01"]
[Round "3"]
[White "Matinian, Nikita"]
[Black "Andriasian, Zaven"]
[Result "1/2-1/2"]
[WhiteElo "2491"]
[BlackElo "2622"]
[Annotator "TA"]
[PlyCount "33"]
[EventDate "2017.??.??"]
[EventCountry "BLR"]
[SourceTitle "playchess.com"]
[Source "ChessBase"]
[SourceQuality "1"]

{[%evp 14,33,11,4,40,36,46,35,49,39,48,15,12,0,0,0,0,0,0,0,5,7]} 1. e4 c6 2. Nc3 d5 3. Nf3 Bg4 4. h3 Bxf3 5. Qxf3 e6 6. d4 Nf6 7. Bd3 dxe4 8. Nxe4 Nxe4 {B11: Caro-Kann: Two Knights Variation} 9. Qxe4 Nd7 10. c3 g6 $146 {White is slightly better.} ({Predecessor:} 10... Be7 11. O-O Nf6 12. Qe2 O-O 13. Rd1 Qc7 14. g3 Rad8 15. Bf4 Bd6 16. Bg5 {½-½ (41) Bacrot,E (2694)-Gharamian,T (2644) Saint-Quentin 2015}) 11. Qf3 Bg7 12. Bf4 O-O {The position is equal.} 13. O-O e5 14. dxe5 Nxe5 15. Bxe5 Bxe5 16. Rad1 {Bxg6! is the strong threat.} Qc7 17. Rfe1 1/2-1/2

[Event "EICC 2017"]
[Site "Minsk"]
[Date "2017.06.01"]
[Round "3"]
[White "Iljiushenok, Ilia"]
[Black "Banusz, Tamas"]
[Result "1/2-1/2"]
[WhiteElo "2489"]
[BlackElo "2616"]
[Annotator "TA"]
[PlyCount "48"]
[EventDate "2017.??.??"]
[EventCountry "BLR"]
[SourceTitle "playchess.com"]
[Source "ChessBase"]
[SourceQuality "1"]

{[%evp 18,48,-2,-12,-7,-8,0,-1,-7,-25,-15,-14,11,8,24,16,14,0,45,32,29,29,22,1,8,0,0,0,6,0,0,0,13]} 1. e4 e5 2. Nc3 Nf6 3. g3 d5 4. exd5 Nxd5 5. Bg2 Nxc3 6. bxc3 Nc6 7. Nf3 Bc5 8. O-O O-O 9. d3 Bg4 {[%cal Bc8g4,Bg4h5,Bh5f7][%mdl 32]} 10. h3 Bh5 {C47: Scotch Four Knights and Four Knights with 4 g3} 11. Qe1 (11. Rb1 Bb6 12. g4 Bg6 13. Bg5 f6 14. Be3 e4 15. Nh4 exd3 16. Nxg6 hxg6 17. cxd3 Qd7 18. d4 {½-½ (84) Mamedov,R (2688)-Jakovenko,D (2704) Doha 2016}) 11... f6 12. Nd2 Bf7 13. Qe4 (13. Ne4 $5 {[%cal Re4c5]} Bb6 14. a4 $11) 13... Qd7 14. Rb1 $146 ({Predecessor:} 14. Qa4 Rad8 15. Qb5 Bb6 16. Nc4 Nd4 17. Qxd7 Ne2+ 18. Kh2 Rxd7 19. Nxb6 cxb6 {½-½ (61) Barbaric Vuk,T (2138)-Rakuljic,S Stobrec 2004}) 14... Bb6 15. Qa4 Rfd8 16. Nb3 Rab8 17. Ba3 Na5 (17... a6 {seems wilder.} 18. c4 Qc8 19. Bxc6 bxc6 20. Kg2 Be8) 18. Qxd7 Rxd7 19. Nxa5 Bxa5 20. c4 {The position is equal.} b6 $1 21. Bc6 Rdd8 22. Be7 Rd4 23. Bc5 Rdd8 24. Be7 Rd4 {Precision: White = 64%, Black = 30%.} 1/2-1/2

[Event "EICC 2017"]
[Site "Minsk"]
[Date "2017.06.01"]
[Round "3"]
[White "Ali Marandi, Cemil Can"]
[Black "Onischuk, Vladimir"]
[Result "0-1"]
[WhiteElo "2479"]
[BlackElo "2608"]
[Annotator "TA"]
[PlyCount "88"]
[EventDate "2017.??.??"]
[EventCountry "BLR"]
[SourceTitle "playchess.com"]
[Source "ChessBase"]
[SourceQuality "1"]

{[%evp 10,88,39,19,23,26,34,10,26,6,29,34,31,33,42,34,62,60,88,0,0,-4,-11,-19,0,-12,0,-49,-37,-29,-24,-23,0,-69,-63,-85,-51,-54,-46,-89,-89,-86,-95,-87,-83,-119,-117,-162,-62,-108,-118,-170,-183,-412,-191,-239,-197,-235,-212,-329,-317,-401,-401,-494,-471,-658,-640,-620,-602,-660,-572,-798,-775,-877,-835,-820,-812,-859,-787,-3341,-1125]} 1. e4 d6 2. d4 Nf6 3. Nc3 g6 4. f4 Bg7 5. Nf3 O-O 6. a3 c5 {B09: Pirc Defence: Austrian Attack} (6... Na6 7. Be2 c5 8. d5 Rb8 9. O-O b5 10. e5 Nd7 11. Bxb5 dxe5 12. Bxd7 Bxd7 13. Nxe5 Qc7 14. Qe2 {1-0 (40) Gajewski,G (2654)-Onischuk,V (2612) Berlin 2015}) 7. dxc5 Qa5 8. b4 (8. cxd6 Nxe4 9. Bd2 (9. dxe7 $2 Bxc3+ 10. bxc3 Re8 $17) 9... Nxc3 $17) 8... Qc7 {The position is equal.} 9. Bd2 dxc5 10. e5 Nh5 11. Nd5 Qd8 $146 ({Predecessor:} 11... Qd7 12. Be3 Rd8 13. c4 Nc6 14. b5 {0-1 (53) Sedina,E (2288)-Gaponenko,I (2380) Plovdiv 2014}) 12. Be3 Be6 13. c4 $1 Na6 14. Qd2 (14. Qb3 $16) 14... Bg4 $1 $11 15. b5 Nc7 16. Be2 $1 Nxd5 17. cxd5 f6 $36 {[%cal Bf7f6,Bf6f5][%mdl 2080] Black fights for an advantage.} 18. e6 f5 19. Rd1 Qd6 20. O-O Nf6 21. Ng5 ({White should try} 21. Bc4 $11) 21... Bxe2 22. Qxe2 Nxd5 {[#] ...Nc3 is the strong threat.} 23. Qf3 $1 Rad8 24. Kh1 Bf6 25. Nf7 Rxf7 $1 26. exf7+ Kxf7 27. Rfe1 e6 28. Bc1 c4 (28... a6 $19 29. Qh3 h6) 29. Qe2 c3 30. a4 (30. g4 $17) 30... h5 31. Ba3 $2 (31. g3) 31... Qd7 (31... Qxa3 $142 32. Qxe6+ Kg7 33. Rxd5 Rxd5 34. Qxd5 c2) 32. Qc2 Qc7 33. Qf2 b6 ({Much less strong is} 33... Qxf4 34. Qe2 $17) ({Don't play} 33... Nxf4 34. Rxd8 Bxd8 35. Qe3) 34. Bc1 (34. g3 {was called for.}) 34... Qc4 $19 35. Qf3 a6 36. bxa6 Qxa6 {Black is clearly winning.} 37. Be3 c2 38. Rc1 Rc8 39. Bd2 Qxa4 40. Qe2 Rc6 41. Qd3 Qd4 42. Qe2 Qc4 43. Qf2 Bb2 44. Qh4 Nf6 {Precision: White = 30%, Black = 63%.} (44... Qd4 $142 45. Re2 Bxc1 46. Bxc1 {[#]} Nxf4 $1 {[%mdl 512]}) 0-1

[Event "EICC 2017"]
[Site "Minsk"]
[Date "2017.06.01"]
[Round "3"]
[White "Klekowski, Maciej"]
[Black "Fridman, Daniel"]
[Result "0-1"]
[WhiteElo "2473"]
[BlackElo "2605"]
[Annotator "TA"]
[PlyCount "144"]
[EventDate "2017.??.??"]
[EventCountry "BLR"]
[SourceTitle "playchess.com"]
[Source "ChessBase"]
[SourceQuality "1"]

{[%evp 19,144,0,0,0,0,0,6,-39,7,-23,-31,-128,-134,-127,-125,-135,-133,-145,-151,-157,-147,-143,-120,-122,-134,-122,-130,-119,-106,-129,-127,-150,-147,-157,-140,-140,-140,-140,-148,-145,-131,-151,-152,-199,-181,-174,-173,-186,-177,-180,-157,-162,-153,-166,-125,-158,-160,-177,-167,-175,-168,-164,-168,-191,-201,-223,-201,-245,-186,-186,-113,-186,-186,-186,-186,-186,-186,-186,-186,-186,-186,-186,-186,-186,-186,-186,-186,-186,-186,-504,-502,-495,-495,-495,-495,-495,-447,-304,-116,-5787,-5697,-5660,-5435,-29968,-29972,-29972,-29972,-29972,-29973,-29967,-29974,-29969,-29975,-29975,-29976,-29963,-29977,-29977,-29978,-29976,0,0,0,0,0,-29981,-29982]} 1. d4 d5 2. c4 e6 3. Nc3 Nf6 4. Nf3 Be7 5. Bf4 O-O 6. e3 Nbd7 7. Qc2 c5 8. Rd1 {D37: Queen's Gambit Declined: 5 Bf4} Qa5 (8... cxd4 9. Rxd4 Qa5 10. Bg3 b5 11. cxb5 Bb7 12. Bd3 Nc5 13. Ne5 Rfc8 14. O-O Nxd3 15. Qxd3 a6 {½-½ (58) Inarkiev,E (2660)-Aronian,L (2784) Skopje 2015}) 9. Nd2 cxd4 10. exd4 Nb8 {LiveBook: 3 Games} 11. Be2 Nc6 12. Nb3 Qd8 13. O-O $146 ({Predecessor:} 13. a3 dxc4 14. Bxc4 Na5 15. Nxa5 Qxa5 {½-½ (56) Demuth,A (2535)-Bellahcene,B (2465) Basel 2016}) 13... b6 14. a3 Ba6 15. Nc1 (15. cxd5 $15 Bxe2 16. Qxe2 Nxd5 17. Qf3) 15... Bxc4 $17 ({Don't take} 15... dxc4 16. Qa4 $15) 16. Bxc4 dxc4 17. Qa4 Na5 $1 ({Not} 17... Nxd4 18. Be5 $16) 18. Rfe1 a6 19. b4 cxb3 20. Nxb3 Re8 21. Nxa5 {Nc6 is the strong threat.} b5 $1 {[%cal Rb5a4]} 22. Nc6 {aiming for Qb3.} bxa4 23. Nxd8 Raxd8 24. Nxa4 Bxa3 25. Rd3 Bb4 26. Rb1 Nd5 27. Bd2 a5 28. g3 Rc8 29. Nc5 h6 30. Na6 {[%cal Ra6b4]} Rc6 31. Nxb4 axb4 32. Kf1 Rc4 33. Ke2 Rb8 34. Rb2 Rb7 35. Be1 g5 36. Rd1 b3 37. Rdb1 Nc3+ 38. Bxc3 Rxc3 {[%mdl 4096] Endgame KRR-KRR} 39. Kd2 Rf3 40. Ke2 g4 $1 41. h3 h5 {[%cal Bh6h5,Bh5g4][%mdl 32]} 42. hxg4 hxg4 43. Rc1 Rb4 44. Rc5 Kh7 (44... Kf8 $19 {Strongly threatening ...Ke7.} 45. d5 Ke7 46. dxe6 Kxe6) 45. d5 (45. Rg5 $17) 45... exd5 $1 $19 46. Rxd5 Kg6 47. Kd1 Re4 48. Rbd2 Ra4 {And now ...Ra2 would win.} 49. Ke2 Rb4 {Threatens to win with ...b2.} 50. Rb2 Kf6 51. Kd1 Ke6 52. Rd8 Ke7 53. Rd5 Rb6 54. Kc1 $2 (54. Re2+ Re6 55. Rb2) 54... Rc6+ 55. Kb1 Re6 56. Rd1 {[#]} Rd3 $1 {[%cal Rd3d1][%mdl 512]} 57. Rbd2 (57. Rxd3 Re1+) 57... Rxd2 58. Rxd2 {KR-KR} Rf6 $2 (58... Rd6 $19 59. Re2+ Kf6) 59. Rd3 $2 {[%mdl 8192]} (59. Rd4 $17) 59... Rxf2 60. Rxb3 Rf3 61. Kc2 Rxb3 62. Kxb3 {KPP-KP} Ke6 63. Kc4 Ke5 64. Kd3 f6 $1 65. Ke3 f5 66. Kd3 f4 67. Ke2 f3+ $1 ({Weaker is} 67... fxg3 68. Kf1 $11) 68. Ke3 Kd5 69. Kd3 f2 $2 (69... Kc5 {mates} 70. Ke3 Kd5 71. Kf2 Ke4 72. Kf1 f2 $1 {[%mdl 512]} 73. Kxf2 Kd3 74. Kf1 Ke3 75. Kg2 Ke2 76. Kg1 Kf3 77. Kh2 Kf2 78. Kh1 Kxg3 79. Kg1 Kh3 80. Kf2 g3+ 81. Kf1 Kh2 82. Ke2 g2 83. Kd3 g1=Q 84. Kc4 Qb6 85. Kc3 Kg3 86. Kc4 Kf4 87. Kc3 Qc5+ 88. Kb2 Qb4+ 89. Ka1 Ke4 90. Ka2 Kd3 91. Ka1 Kc2 92. Ka2 Qb2#) 70. Ke2 $11 Ke4 71. Kxf2 Kd3 {( -> ...Kd2)} 72. Kf1 $2 {[%mdl 8192] [#]} (72. Kg1 $11 Ke2 73. Kg2 Ke3 74. Kf1 Kf3 75. Ke1 Kxg3 76. Kf1 Kh2 77. Ke2 g3 78. Kd3 g2 79. Kd4 g1=Q+ 80. Kd5 Qb6 81. Ke5 Kg3 82. Kd5 Kf4 83. Kc4 Ke4 84. Kc3 Qb5 85. Kc2 Qb4 86. Kd1 Kd3 87. Kc1 Qb6 88. Kd1 Qg1#) 72... Ke3 $1 {Precision: White = 55%, Black = 70%.} 0-1

[Event "EICC 2017"]
[Site "Minsk"]
[Date "2017.06.01"]
[Round "3"]
[White "Goryachkina, Aleksandra"]
[Black "Mista, Aleksander"]
[Result "1/2-1/2"]
[WhiteElo "2470"]
[BlackElo "2606"]
[Annotator "TA"]
[PlyCount "124"]
[EventDate "2017.??.??"]
[EventCountry "BLR"]
[SourceTitle "playchess.com"]
[Source "ChessBase"]
[SourceQuality "1"]

{[%evp 17,124,87,89,22,47,35,80,0,37,39,49,0,0,0,24,0,31,29,60,3,47,9,0,-30,-22,-29,-30,-42,0,-75,-61,-55,-47,-68,-41,-37,-36,-45,-10,-22,-15,-10,-17,-17,-18,-27,-15,-20,-33,-71,-64,-93,-66,-114,-114,-112,-97,-96,-33,-36,-36,-37,-37,-70,-91,-91,-91,-91,-87,-87,-61,-61,-54,-54,-64,-64,-8,-225,-225,-225,-225,-225,-225,-225,-225,-225,-225,-225,-225,-225,-225,-225,-225,-225,-225,-225,-225,-225,-225,-225,-225,-225,-225,-225,-225,-225,8,8,8]} 1. d4 Nf6 2. c4 g6 3. Nf3 Bg7 4. g3 d5 5. Bg2 e6 6. O-O O-O 7. Nc3 b6 8. cxd5 {D77: Fianchetto Grünfeld: 6 0-0: Replies other than 6...c6} exd5 9. Ne5 Bb7 {LiveBook: 3 Games} 10. Bf4 (10. Bg5 $16) 10... Qe7 $146 ({Predecessor:} 10... Na6 11. Rc1 c5 12. dxc5 Nxc5 13. Nf3 Nfe4 14. Be5 Bxe5 15. Nxe5 Nxc3 16. Rxc3 {½-½ (26) Melkumyan,H (2678)-Vaganian,R (2577) Yerevan 2014}) 11. Rc1 Rd8 12. Nd3 (12. Bg5 $16) 12... Na6 13. Be5 Bh6 14. Bf4 Bg7 15. Be5 Bh6 16. Bf4 Bf8 17. Qa4 Ne4 18. Rfd1 (18. b4 $14) 18... Nxc3 19. Rxc3 c5 20. Be3 {Black should prevent dxc5.} c4 21. Nf4 Nc7 22. Rcc1 Bc8 23. Qc2 (23. Qc6 $11) 23... Bf5 24. Qd2 a5 25. f3 Re8 26. Bf2 $1 Qd7 27. a3 b5 {[%cal Bb6b5,Bb5b4][%mdl 32]} 28. Re1 b4 $36 {[%mdl 2048] Black fights for an advantage.} 29. e4 Be6 $1 30. exd5 Nxd5 31. Nxe6 Rxe6 32. Rxe6 Qxe6 33. f4 Rc8 34. axb4 Bxb4 35. Qd1 c3 36. Bxd5 Qxd5 37. Qd3 {[%cal Rb2c3]} Qf5 (37... a4 $17 {Strongly threatening ...Qb3.} 38. bxc3 a3) 38. Qxf5 $15 gxf5 39. bxc3 $1 Rxc3 40. Rxc3 Bxc3 {[%mdl 4096] Endgame KB-KB} 41. d5 Kf8 42. Kf1 Ke8 43. Ke2 a4 44. Kd3 Bf6 {White must now prevent ...a3.} 45. Kc4 a3 {Threatens to win with ...a2.} 46. Kb3 Kd7 {...Kd6 is the strong threat.} 47. Kxa3 $2 (47. Bc5 $11 {and White stays safe.}) 47... Kd6 $19 48. Kb3 {Threatening Kc4.} Kxd5 49. Kc2 Ke4 50. Kd2 {[#]} Kf3 $1 {[%cal Rf3f2]} 51. Ke1 Kg2 52. Bc5 h5 53. Ke2 Bd8 54. Bd4 Bc7 55. Be3 Bd6 56. Ke1 Kxh2 57. Kf2 {[#]} Bb4 $1 58. Bd4 Kh3 59. Be3 Kg4 60. Bd4 Bd2 61. Bc5 Bxf4 $2 ({Better is} 61... h4 $19 62. gxh4 Bxf4) 62. gxf4 $11 Kxf4 {Precision: White = 57%, Black = 59%.} 1/2-1/2

[Event "EICC 2017"]
[Site "Minsk"]
[Date "2017.06.01"]
[Round "3"]
[White "Moroni, Luca Jr"]
[Black "Oparin, Grigoriy"]
[Result "1-0"]
[WhiteElo "2448"]
[BlackElo "2604"]
[Annotator "TA"]
[PlyCount "61"]
[EventDate "2017.??.??"]
[EventCountry "BLR"]
[SourceTitle "playchess.com"]
[Source "ChessBase"]
[SourceQuality "1"]

{[%evp 11,61,10,18,16,18,18,19,-12,0,-27,-2,-41,0,0,0,0,6,0,0,0,0,0,0,-20,17,7,1,-12,-18,-11,-18,-23,-6,-15,0,-20,20,0,168,179,177,85,85,83,69,79,219,233,629,475,656,658]} 1. c4 c5 2. Nf3 Nc6 3. d4 cxd4 4. Nxd4 Nf6 5. Nc3 e6 6. a3 Bc5 {[%cal Bf8c5,Bc5b6,Bb6c7,Bc7e5][%mdl 32]} 7. Nb3 {A33: Symmetrical English: 2 Nf3 Nf6 3 d4 cxd4 4 Nxd4 e6 5 Nc3 Nc6} Bb6 (7... Be7 8. e4 O-O 9. Be2 b6 10. O-O Bb7 11. Be3 d6 12. f4 Rc8 13. Rc1 Nb8 14. Qd3 a6 15. Nd4 Nc6 16. b4 Nxd4 17. Bxd4 Nd7 18. Qg3 Bf6 19. Rfd1 {1-0 (70) Adams,M (2751)-Hou,Y (2651) Caleta 2017}) 8. c5 Bc7 9. e4 {The position is equal.} b6 10. Be3 O-O 11. Be2 Rb8 $146 ({Predecessor:} 11... Be5 12. cxb6 Bxc3+ 13. bxc3 axb6 14. Nd2 d5 {½-½ (32) Jakovljevic,V (2397)-Jankovic,A (2548) Prijedor 2015}) 12. Qc2 bxc5 13. Nxc5 Be5 14. Rd1 Qc7 15. b4 d6 16. N5a4 Bd7 {[#] Strongly threatening ...Nxb4!} 17. Nb5 Rxb5 18. Bxb5 {Hoping for Rc1.} Qb7 $1 {[%cal Rb7b5]} 19. Bxc6 Bxc6 20. f3 Rc8 {[#] ...Bb5 is the strong threat.} 21. Rc1 Bd7 22. Qd1 Rxc1 23. Bxc1 Nxe4 (23... Qb5 $5 {[%cal Rb5a4]} 24. f4 Qc4 25. fxe5 Bxa4 26. Qxa4 Qxc1+ 27. Qd1 Qe3+ 28. Qe2 Qc3+ 29. Qd2 Qa1+ 30. Qd1 Qc3+ 31. Qd2 Qa1+ 32. Qd1 Qc3+ 33. Qd2 $15) 24. Bb2 h5 $2 (24... Bf4 $11 {and Black stays safe.} 25. fxe4 Qxe4+ 26. Qe2 Qb1+ 27. Qd1 Qxd1+ 28. Kxd1 Bxa4+ 29. Ke2 f5) 25. Bxe5 $18 dxe5 26. Nc5 ({Worse is} 26. fxe4 Qxe4+ 27. Qe2 Qb1+ 28. Qd1 Qe4+ 29. Qe2 Qb1+ 30. Qd1 Qe4+ $11) (26. Qd3 $18 {has better winning chances.}) 26... Nxc5 $16 27. bxc5 e4 28. O-O exf3 (28... Bc6 $16 {might work better.}) 29. Rxf3 $18 e5 $2 (29... Be8 30. Qd8 Kf8 31. Qd6+ Kg8) 30. Qb3 Bb5 31. a4 {Precision: White = 51%, Black = 44%.} 1-0